000 00787nam a2200253Ia 4500
003 OSt
005 20220927110446.0
006 a|||||r|||| 00| 0
007 ta
008 220926b |||||||| |||| 00| 0 eng d
024 _a72634
037 _cReports
040 _aRTL
_cRTL
_beng
041 _2eng
_aeng
082 _a"X723.2s, J6/GD"
110 _a"Government of India. Food and agriculture(M/O-), deptt of economics and statistics"
_9378428
245 0 _aIndian land revenue statistics 1952-53 to 53-54
260 _c1956
490 _v1947-48
650 _aLand Taxation
700 _a"Government of India. Food and agriculture(M/O-), deptt of economics and statistics"
_9378429
942 _h"X723.2s, J6/GD"
_cCC
999 _c696787
_d696787